Application of Response Surface Methodology (RSM) for Cr(VI) removal through hemp and hemp-derived biochar; nonlinear adsorption isotherm, kinetics, and Artificial Neural network / (Record no. 603313)
[ view plain ]
| 000 -LEADER | |
|---|---|
| fixed length control field | 00593nam a22001577a 4500 |
| 082 ## - DEWEY DECIMAL CLASSIFICATION NUMBER | |
| Classification number | 621.3 |
| Author Mark | AIN |
| 100 ## - MAIN ENTRY--PERSONAL NAME | |
| Personal name | Ain, Mussarat ul (361435) |
| 245 ## - TITLE STATEMENT | |
| Title | Application of Response Surface Methodology (RSM) for Cr(VI) removal through hemp and hemp-derived biochar; nonlinear adsorption isotherm, kinetics, and Artificial Neural network / |
| Statement of responsibility, etc. | Mussarat ul Ain |
| 264 ## - PRODUCTION, PUBLICATION, DISTRIBUTION, MANUFACTURE, AND COPYRIGHT NOTICE | |
| Place of production, publication, distribution, manufacture | Islamabad : |
| Name of producer, publisher, distributor, manufacturer | USPCAS-E, NUST |
| Date of production, publication, distribution, manufacture, or copyright notice | September, 2023. |
| 300 ## - PHYSICAL DESCRIPTION | |
| Extent | xv, 72 p. |
| Accompanying material | +CD |
| 520 ## - SUMMARY, ETC. | |
| Summary, etc. | TH-517 |
| 650 ## - SUBJECT ADDED ENTRY--TOPICAL TERM | |
| Topical term or geographic name entry element | MS Thesis |
| 650 ## - SUBJECT ADDED ENTRY--TOPICAL TERM | |
| Topical term or geographic name entry element | MS EEP Thesis |
| 700 ## - ADDED ENTRY--PERSONAL NAME | |
| Personal name | Dr. Sehar Shakir |
| 942 ## - ADDED ENTRY ELEMENTS (KOHA) | |
| Source of classification or shelving scheme | |
| Koha item type | Thesis |
| Withdrawn status | Permanent Location | Current Location | Date acquired | Full call number | Barcode | Koha item type |
|---|---|---|---|---|---|---|
| US-Pakistan Center for Advanced Studies in Energy (USPCAS-E) | US-Pakistan Center for Advanced Studies in Energy (USPCAS-E) | 10/04/2023 | 621.3 AIN | CAS-ETH0000517 | Thesis |
